Jedi/Sith Quiz - Statistics

General Stats
  • This quiz has been taken 25 times
  • The average score is 11 of 16
Answer Stats
Hint Answer % Correct
Only Purple Lightsaber wielding Jedi Mace Windu
100%
Grandmaster of the Jedi Order Yoda
100%
Obi Wan Kenobi's Apprentice Anakin Skywalker
95%
Palpatine's first Sith apprentice Darth Maul
95%
Palpatine's Sith Name Darth Sidious
95%
Anakin Skywalker's Padawan Ahsoka Tano
84%
Qui Gon Jinn's Master Count Dooku
79%
Considered one of the most powerful Jedi ever Luke Skywalker
79%
Count Dooku's Sith Assassin Asajj Ventress
68%
Count Dooku's Sith Name Dath Tyranus
58%
Kel Dor member of the Jedi High Council Plo Koon
58%
Nautolan member of the Jedi High Council Kit Fisto
53%
Padawan responsible for Jedi Temple bombing Barriss Offee
47%
Former Jedi Temple Guard turned Inquisitor Grand Inquisitor
47%
Jedi Master who commissioned the Clone Army Sifo Dyas
42%
Darth Vader's Sith Assassin Starkiller
37%
No matching quizzes found
Score Distribution
Percent of People with Each Score
Percentile by Number Answered
Your Score History
You have not taken this quiz